| 000 | 00550nam a22002057a 4500 | ||
|---|---|---|---|
| 003 | OSt | ||
| 005 | 20140310184420.0 | ||
| 008 | 131008t xxu||||| |||| 00| 0 eng d | ||
| 020 | _a9780439661621 | ||
| 050 |
_aPZ 7 _b.St857Ps 2004 |
||
| 100 | _aStilton, Geronimo. | ||
| 245 |
_aThe phantom of the subway / _cGeronimo Stilton. |
||
| 260 |
_aNew York : _bScholastic Inc., _c2004 |
||
| 300 |
_a112 p. : _bill. col. ; _c20 cm. |
||
| 521 | _aG2 | ||
| 526 | _c470 | ||
| 650 |
_aFiction _xJuvenile _926621 |
||
| 942 |
_2lcc _cBK-SCHOLAS |
||
| 999 |
_c34214 _d34214 |
||